Sports Quiz

Random Sports or Football Quiz
Score 0/244 Timer 20:00
0 Plays Today
Club Manager % Correct
Man UnitedAlex Ferguson
98%
ArsenalArsene Wenger
97%
ChelseaJose Mourinho
83.9%
ChelseaJose Mourinho
83.9%
Man UnitedJose Mourinho
83.9%
SpursJose Mourinho
83.9%
EvertonDavid Moyes
81.5%
Man UnitedDavid Moyes
81.5%
SunderlandDavid Moyes
81.5%
West HamDavid Moyes
81.5%
West HamDavid Moyes
81.5%
LiverpoolJurgen Klopp
76.5%
LiverpoolRafa Benitez
73.4%
NewcastleRafa Benitez
73.4%
ChelseaFrank Lampard
72.6%
BoltonSam Allardyce
72.2%
NewcastleSam Allardyce
72.2%
BlackburnSam Allardyce
72.2%
West HamSam Allardyce
72.2%
SunderlandSam Allardyce
72.2%
Crystal PalaceSam Allardyce
72.2%
EvertonSam Allardyce
72.2%
SwanseaBrendan Rodgers
69.7%
LiverpoolBrendan Rodgers
69.7%
LeicesterBrendan Rodgers
69.7%
Man CityPep Guardiola
67.7%
West HamHarry Redknapp
67.2%
PortsmouthHarry Redknapp
67.2%
SouthamptonHarry Redknapp
67.2%
PortsmouthHarry Redknapp
67.2%
SpursHarry Redknapp
67.2%
QPRHarry Redknapp
67.2%
ArsenalMikel Arteta
66%
BirminghamSteve Bruce
65.7%
WiganSteve Bruce
65.7%
SunderlandSteve Bruce
65.7%
HullSteve Bruce
65.7%
NewcastleSteve Bruce
65.7%
FulhamRoy Hodgson
65.7%
LiverpoolRoy Hodgson
65.7%
West BromRoy Hodgson
65.7%
Crystal PalaceRoy Hodgson
65.7%
ChelseaClaudio Ranieri
62.9%
LeicesterClaudio Ranieri
62.9%
FulhamClaudio Ranieri
62.9%
ChelseaCarlo Ancelotti
62.3%
EvertonCarlo Ancelotti
62.3%
LiverpoolGerard Houllier
61.3%
Aston VillaGerard Houllier
61.3%
Aston VillaDean Smith
59.2%
Man UnitedLouis van Gaal
58.1%
DerbyJim Smith
57.7%
EvertonWalter Smith
57.6%
LeedsDavid O'Leary
55.5%
Aston VillaDavid O'Leary
55.5%
LiverpoolKenny Dalglish
55.4%
BlackburnMark Hughes
54.5%
Man CityMark Hughes
54.5%
FulhamMark Hughes
54.5%
QPRMark Hughes
54.5%
StokeMark Hughes
54.5%
SouthamptonMark Hughes
54.5%
CardiffOle Gunnar Solskjaer
53.3%
Man UnitedOle Gunnar Solskjaer
53.3%
Man CityRoberto Mancini
52.2%
Man CityManuel Pellegrini
52%
West HamManuel Pellegrini
52%
West HamAlan Pardew
51.1%
NewcastleAlan Pardew
51.1%
Crystal PalaceAlan Pardew
51.1%
West BromAlan Pardew
51.1%
BurnleySean Dyche
51%
SouthamptonMauricio Pochettino
51%
SpursMauricio Pochettino
51%
BournemouthEddie Howe
50.7%
LeicesterMartin O'Neill
49.6%
Aston VillaMartin O'Neill
49.6%
SunderlandMartin O'Neill
49.6%
LeicesterNigel Pearson
49.4%
WatfordNigel Pearson
49.4%
NewcastleBobby Robson
48.7%
MiddlesbroughBryan Robson
48%
Club Manager % Correct
West BromBryan Robson
48%
WiganRoberto Martinez
46.6%
EvertonRoberto Martinez
46.6%
West BromRoberto Di Matteo
45.9%
ChelseaRoberto Di Matteo
45.9%
BlackburnSteve Kean
45.8%
ChelseaGianluca Vialli
45.6%
ArsenalUnai Emery
45.2%
Man CityKevin Keegan
44.3%
NewcastleKevin Keegan
44.3%
Sheffield UtdNeil Warnock
44.2%
QPRNeil Warnock
44.2%
Crystal PalaceNeil Warnock
44.2%
CardiffNeil Warnock
44.2%
StokeTony Pulis
42.7%
Crystal PalaceTony Pulis
42.7%
West BromTony Pulis
42.7%
ChelseaAntonio Conte
42.5%
ChelseaAndre Villas-Boas
40.6%
SpursAndre Villas-Boas
40.6%
NewcastleChris Hughton
39.4%
NowrichChris Hughton
39.4%
BrightonChris Hughton
39.4%
Sheffield UtdChris Wilder
38.5%
ChelseaAvram Grant
37.6%
PortsmouthAvram Grant
37.6%
West HamAvram Grant
37.6%
CharltonAlan Curbishley
36.9%
West HamAlan Curbishley
36.9%
BrightonGraham Potter
36.8%
SunderlandMick McCarthy
36.5%
WolvesMick McCarthy
36.5%
WolvesNuno Espirito Santo
35.3%
BlackburnGraeme Souness
35%
NewcastleGraeme Souness
35%
NorwichDaniel Farke
34.9%
SpursMartin Jol
34.3%
FulhamMartin Jol
34.3%
SunderlandPeter Reid
33.5%
LeedsPeter Reid
33.5%
West HamGianfranco Zola
33.2%
MiddlesbroughGareth Southgate
33.1%
SpursGeorge Graham
32.8%
HullMarco Silva
32.1%
WatfordMarco Silva
32.1%
EvertonMarco Silva
32.1%
BradfordPaul Jewell
31.7%
WiganPaul Jewell
31.7%
DerbyPaul Jewell
31.7%
WatfordQuique Sanchez Flores
31.2%
WatfordQuique Sanchez Flores
31.2%
ChelseaMaurizio Sarri
31%
SouthamptonGlenn Hoddle
30.8%
SpursGlenn Hoddle
30.8%
SpursTim Sherwood
30.6%
Aston VillaTim Sherwood
30.6%
CoventryGordon Strachan
30%
SouthamptonGordon Strachan
30%
FulhamScott Parker
29.6%
SouthamptonDave Jones
29.5%
WolvesDave Jones
29.5%
ChelseaLuiz Felipe Scolari
29.3%
SunderlandPaolo Di Canio
29.2%
West HamSlaven Bilic
28.6%
Man CityStuart Pearce
27.8%
SouthamptonRonald Koeman
27.7%
EvertonRonald Koeman
27.7%
MiddlesbroughSteve McClaren
26.3%
NewcastleSteve McClaren
26.3%
WatfordGraham Taylor
26.3%
Aston VillaGraham Taylor
26.3%
LeicesterPeter Taylor
26.1%
NewcastleJoe Kinnear
26%
BlackpoolIan Holloway
25.9%
Crystal PalaceIan Holloway
25.9%
SunderlandRoy Keane
25.2%
HullPhil Brown
25.2%
HuddersfieldDavid Wagner
24.9%
Aston VillaJohn Gregory
24.2%
DerbyJohn Gregory
24.2%
FulhamChris Coleman
24%
SunderlandGus Poyet
23.7%
Club Manager % Correct
Man CitySven-Goran Eriksson
23.2%
PortsmouthTony Adams
22.2%
LeicesterClaude Puel
22.1%
NorwichPaul Lambert
22.1%
Aston VillaPaul Lambert
22.1%
StokePaul Lambert
22.1%
LeciesterMicky Adams
22%
NorwichNeil Adams
21.9%
SouthamptonCluade Puel
21.8%
SpursJuande Ramos
19.8%
SwanseaGarry Monk
19.5%
West HamGlenn Roeder
18.9%
NewcastleGlenn Roeder
18.9%
SunderlandHoward Wilkinson
18.8%
BirminghamAlex McLeish
18.8%
Aston VillaAlex McLeish
18.8%
SouthamptonRalph Hasenhuttl
18.6%
SwanseaMichael Laudrup
18.4%
Man CityJoe Royle
18.1%
FulhamLawrie Sanchez
17.8%
Crystal PalaceFrank de Boer
17.7%
LeicesterCraig Shakespeare
17.7%
BlackburnPaul Ince
17.5%
BurnleyOwen Coyle
17.4%
BoltonOwen Coyle
17.4%
LeedsTerry Venables
17.4%
ReadingSteve Coppell
17.2%
West BromGary Megson
16.7%
BoltonGary Megson
16.7%
Crystal PalaceIain Dowie
16.5%
CharltonIain Dowie
16.5%
IspwichGeorge Burley
15.3%
NorwichAlex Neil
15.2%
SouthamptonNigel Adkins
15.1%
ReadingNigel Adkins
15.1%
BoltonSammy Lee
15.1%
WatfordJavi Gracia
15.1%
FulhamJean Tigana
15%
Aston VillaRemi Garde
13.4%
West BromSteve Clarke
13.4%
SwanseaBob Bradley
13.1%
Sheffield WedDanny Wilson
12.6%
CardiffMalky Mackay
12.2%
DerbyBilly Davies
12.1%
SunderlandDick Advocaat
11.1%
NorwichNigel Worthington
10.8%
MiddlesbroughAitor Karanka
10.7%
SpursJacques Santini
10.7%
SwanseaFelix Magath
10.4%
SouthamptonStuart Gray
10.3%
West BromTony Mowbray
10%
LeicesterDave Bassett
9.8%
ReadingBrian McDermott
9.7%
FulhamSlavisa Jokanovic
9.5%
WolvesTerry Connor
9.3%
West BromPepe Mel
9.1%
WimbledonEgil Olsen
9%
HullMike Phelan
9%
WatfordAidy Boothroyd
8.9%
CharltonLes Reed
7.9%
BurnleyBrian Laws
7.5%
SwanseaPaul Clement
7.3%
HuddersfieldJan Siewert
6.5%
PortsmouthPaul Hart
6.4%
WatfordWalter Mazzarri
6.3%
BradfordChris Hutchings
6.2%
WiganChris Hutchings
6.2%
SunderlandRicky Sbragia
5.8%
West BromAlan Irvine
5.4%
DerbyColin Todd
5.2%
SouthamptonPaul Sturrock
5%
PortsmouthAlain Perrin
4.8%
SwanseaFrancesco Guidolin
4.7%
FulhamRene Meulensteen
4.6%
BradfordJim Jeffries
4.5%
SwanseaCarlos Carvalhal
4.2%
SouthamptonSteve Wigley
4%
WimbledonTerry Burton
3.8%
SouthamptonMauricio Pellergrino
2.8%
PortsmouthVelimir Zajec
2.3%
Remove Ads.
Support Sporcle.
Get the best of Sporcle when you Go Orange. This ad-free experience offers more features, more stats, and more fun while also helping to support Sporcle. Thank you for becoming a member.

You're not logged in!

Compare scores with friends on all Sporcle quizzes.
OR
Log In

Sporcle TV

Today on Sporcle TV


Watch our educational content, quiz creation guides, and fun videos on Sporcle TV.

Show Comments

Extras

Top Quizzes Today


Score Distribution

Paid Content

Your Account Isn't Verified!

In order to create a playlist on Sporcle, you need to verify the email address you used during registration. Go to your Sporcle Settings to finish the process.

Report this User

Report this user for behavior that violates our Community Guidelines.

Details: